Districts of Portugal on the Map - Statistics

General Stats
  • This quiz has been taken 17,071 times
  • The average score is 14 of 20
Answers on the Map
Answers color-coded by a green-red scale on the quiz's map according to % correct below.
 
Answer Stats
Districts % Correct
Lisbon
98%
Porto
95%
Azores
86%
Madeira
84%
Faro
83%
Braga
80%
Coimbra
73%
Setúbal
71%
Aveiro
67%
Beja
66%
Bragança
66%
Évora
64%
Castelo Branco
61%
Leiria
61%
Santarém
60%
Viseu
60%
Viana do Castelo
59%
Vila Real
59%
Guarda
58%
Portalegre
56%
No matching quizzes found
Score Distribution
Percent of People with Each Score
Percentile by Number Answered
Your Score History
You have not taken this quiz